| 000 | 00894nam a2200205 a 4500 | ||
|---|---|---|---|
| 008 | t1984 ag |||g |||| 000 0 spa d | ||
| 020 | _a9505470347 | ||
| 041 | _aspa | ||
| 092 |
_c808.068 _l78 _sSHU |
||
| 100 | 1 |
_aShua, Ana Maria _92936 |
|
| 245 | 3 |
_aLa sueñera / _cAna Maria Shua |
|
| 250 | _a1a ed. | ||
| 260 |
_aBuenos Aires: _bMinotauro; _c1984. |
||
| 300 | _a109 p. | ||
| 500 | _aShua, A. M. (1984). La sueñera. (1a ed.). Buenos Aires : Minotauro. | ||
| 505 | _aUn lector compra La sueñera, un libro que contiene 250 textos. Esa noche alcanza a leer los cinco primeros. En el sexto se queda dormido. Palabra por palabra, punto por punto, sueña los 244 restantes. Pero nunca lo sabrá. Por eso vuelve al libro todas las noches. Lo mismo le sucederá a usted. | ||
| 590 | _aDonación Quadrini Liliana. Proyecto Literatura 4to libro | ||
| 655 |
_aCuentos _92945 |
||
| 942 |
_2ddc _cLIT |
||
| 999 |
_c2467 _d2467 |
||